Walter Benjamin, la lengua del exilio

Na minha lista:
Detalhes bibliográficos
Autor principal: Collingwood-Selby, Elizabeth (Author)
Formato: Livro
Idioma:espanhol
Publicado em: Santiago LOM 1997
Edição:1a. ed
Colecção:La Invención y la Herencia
Assuntos:
Tags: Adicionar Tag
Sem tags, seja o primeiro a adicionar uma tag!

MARC

LEADER 00000cam a2200000 a 4500
001 UCN0735
003 CL-VaPUC
008 010330e19970000CL |||||||||||||||||spa|d
020 |a 956282.0122 
082 0 4 |a 830.09  |b COL  |2 21 
100 0 |a Collingwood-Selby, Elizabeth  |e author  |9 455937 
245 1 0 |a Walter Benjamin, la lengua del exilio 
250 |a 1a. ed 
300 |a 161 p 
942 |c BK 
945 |d 20010330 00:00:00  |a cmena 
260 |a Santiago  |b LOM  |c 1997 
650 0 |a Literatura alemana   |9 265457 
650 0 |a Crítica e interpretación   |9 255042 
583 |a last modification  |c 20180905 11:00:56  |k Rodrigo Vera 
490 0 |a La Invención y la Herencia 
999 |c 294365  |d 294363 
952 |0 0  |1 0  |4 0  |6 830_090000000000000_COL_1997  |7 0  |8 A  |9 346648  |a BIBEDU  |b BIBEDU  |d 2019-11-20  |i 3708268  |o 830.09 COL 1997  |p 3708268  |r 2019-11-20  |w 2019-11-20  |y BK  |k LIT 
952 |0 0  |1 0  |3 erb  |4 0  |6 830_090000000000000_COL_1997  |7 0  |8 A  |9 346649  |a BIBART  |b BIBART  |i 5494559  |o 830.09 COL 1997  |p 5494559  |r 2025-03-13  |w 2019-11-20  |y BK  |z Catalogado en:20180907  |k ART